00345nam a2200121 a 4500008004100000020001500041050002000056100002100076245001900097246006000116260003800176350000900214120416s1998 ||||||||||||||||| || u a8120314573 aQA 76.9.I58 Sir aSirockman, Jason10aMCSE work book athe interactive computer based training kit version 1.1 aNew DelhibFT Prentice-Hallc1998 a0.00